00772nam a2200181 a 450000100100000000500170001000800410002704000250006808200100009310000340010324501230013726000580026030000200031804900090033895201100034795201160045799900170057300002838020200930054920.0110408s1997 dr 000 0 spa d aDO-SdBNPbspacBNPHU aL865e1 aLora Salcedo, Radhames93779310aEstrategia forestal :bpara lograr la conciliación entre el desarrollo y la conservación /cRadhames Lora Salcedo. aSanto Domingo :bDirección General Forestal,c1997. a35 p. ;c19 cm. aBNPD 0010718PDaPDbPDcCTd2011-04-08iLF1l0oL865e p28380-10r2020-06-25w2020-06-25yLFPDZNo se presta 0010718PDaPDbPDcCTd2011-05-03iLF1l0oL865e p28380-20r2020-06-25te. 2w2020-06-25yLFPDZNo se presta c27872d27872